Casos judiciales recientes sobre COVID-19 (Registro nro. 32499)
[ vista simple ]
| 000 -LEADER | |
|---|---|
| fixed length control field | 00340 a2200109 4500 |
| 001 - CONTROL NUMBER | |
| control field | ART_50886 |
| 005 - DATE AND TIME OF LATEST TRANSACTION | |
| control field | 20260410162014.0 |
| 008 - FIXED-LENGTH DATA ELEMENTS--GENERAL INFORMATION | |
| fixed length control field | 260409a |
| 100 1# - MAIN ENTRY--PERSONAL NAME | |
| Personal name | Roitman, Facundo J. |
| 245 10 - TITLE STATEMENT | |
| Title | Casos judiciales recientes sobre COVID-19 |
| 773 0# - HOST ITEM ENTRY | |
| Title | Temas de derecho administrativo |
| Related parts | - Año 5, N° 5 (mayo 2020) |
| Record control number | REV40468 |
No hay ítems disponibles.